000 00779nam a22002657a 4500
008 130721b xxu||||| |||| 00| 0 eng d
020 _a81-7758-231-3
024 _cAvailable
037 _cAvailable
040 _aMBSTU LIBRARY
_dMBSTU LIBRARY
082 _222
_a001.64404 MCW
100 _aMcClure, Stuart.
110 _aSaumil Shah and Shreeraj Shah.
245 _aWeb hacking : attacks and defense.
260 _aDelhi
_bPearson Education.
_c2003
300 _a24 cm.
_bxxiii, 492 page
_f5
_g24 cm.
600 _2System networks.
650 _2System networks.
700 _aMcClure, Stuart.
710 _aSaumil Shah and Shreeraj Shah.
270 _aDelhi
_bDelhi
_dIndia
365 _b552.00
_d552.00
942 _2ddc
_cBK
999 _c586
_d586